000 00641cam a22002173a 4500
001 36607
003 PGUSA
005 20140828083807.0
008 110703s2011||||xxu|||||s|||||000 | eng d
040 _aPGUSA
_beng
042 _adc
100 1 _aColman, George,
_d1732-1794
245 1 4 _aThe Surrender of Calais :
_bA Play, in Three Acts
_h[electronic resource] /
_cGeorge Colman
260 _bProject Gutenberg,
_c2011
506 _aPublic domain in the USA.
516 _aElectronic text
700 1 _aInchbald,
_cMrs,
_d1753-1821
830 0 _aProject Gutenberg
_v36607
856 4 0 _uhttp://www.gutenberg.org/ebooks/36607
942 _cEB
999 _c265862
_d265862